POBLACION Y SOCIEDAD EN MEXICO: 1900-1970/

Guardado en:
Bibliografiske detaljer
Hovedforfatter: González Navarro, Moisés (autor)
Format: Bog
Serier:ESTUDIOS; 42
Fag:
Tags: Tilføj Tag
Ingen Tags, Vær først til at tagge denne postø!

MARC

LEADER 00000nam^a2200000^a^4500
001 000224662
005 20250521000000.0
009 20260310104058.838
035 |a 043747 
037 |a Acervo Xavier Clavigero 
082 |a 305. 0972  |b GON V. 
100 |a González Navarro, Moisés  |e (autor) 
245 1 0 |a POBLACION Y SOCIEDAD EN MEXICO:  |b 1900-1970/  |c MOISES GONZALEZ NAVARRO 
264 |a México :  |b UNAM,  |c 1957 
300 |a V.- 4ej. 
336 |a texto  |b txt  |2 rdacontenido 
337 |a sin mediación  |b n  |2 rdamedio 
338 |a volumen  |b nc  |2 rdasoporte 
440 |a ESTUDIOS;  |v 42 
649 |a XX 
650 |a México -  |x Condiciones Sociales y Culturales 
650 |a Población 
910 |a Fondo General 
920 |a Impresos - Libros 
930 |a Colección General 
905 |a 101 
901 |a 043747  |b IT1  |c ACC  |i 043747  |u 20250521 
901 |a 025455  |b IT1  |c ACC  |i 025455  |u 20250521 
901 |a 025459  |b IT1  |c ACC  |i 025459  |u 20250521 
901 |a 043772  |b IT1  |c ACC  |i 043772  |u 20250521 
902 |a https://opac.biblio.iteso.mx/vufind/Record/000224662